Moravská galéria - Brno

Gespeichert in:
Bibliographische Detailangaben
1. Verfasser: Kalivodová, Martina (Verfasst von)
Weitere Verfasser: Kuráň, Jozef (Betreuung Doktorarbeit)
Format: Manuskript Buch
Sprache:Slowakisch
Veröffentlicht: 2018
Schlagworte:
Online-Zugang:http://is.stuba.sk/zp/portal_zp.pl?podrobnosti=109429
https://opac.crzp.sk/?fn=detailBiblioForm&sid=3D579E6F99510E20DAB945D0A384
Tags: Tag hinzufügen
Keine Tags, Fügen Sie das erste Tag hinzu!

MARC

LEADER 00000ntm a22000003a 4500
001 stuzp62651
003 SK-STU
005 20230531135419.4
007 ta
008 150427s2015----xo-----f-mn---000-0-slo-d
040 |a STU  |b slo 
041 0 |a slo 
100 1 |a Kalivodová, Martina  |u 010310  |4 aut  |U SvF Stavebná fakulta  |T SvF Katedra architektúry  |X 70030  |U V181|V310  |Y 19  |7 70030 
242 0 1 |a Moravian gallery in Brno  |y eng 
245 1 0 |a Moravská galéria - Brno 
260 |c 2018 
650 4 |a galéria  |2 slo 
650 4 |a Brno  |2 slo 
650 4 |a historické centrum  |2 slo 
650 4 |a gallery  |2 eng 
650 4 |a Brno  |2 eng 
650 4 |a historical center  |2 eng 
700 1 |a Kuráň, Jozef  |u 010310  |k Z1  |4 ths  |U SvF Stavebná fakulta  |T SvF Katedra architektúry  |X 710  |U V181|V310  |Y 19  |7 A000000710 
856 4 |u http://is.stuba.sk/zp/portal_zp.pl?podrobnosti=109429 
856 4 |u https://opac.crzp.sk/?fn=detailBiblioForm&sid=3D579E6F99510E20DAB945D0A384